<?xml version="1.0" encoding="UTF-8"?><?xml-stylesheet type="text/xsl" href="static/style.xsl"?><OAI-PMH xmlns="http://www.openarchives.org/OAI/2.0/" xmlns:xsi="http://www.w3.org/2001/XMLSchema-instance" xsi:schemaLocation="http://www.openarchives.org/OAI/2.0/ http://www.openarchives.org/OAI/2.0/OAI-PMH.xsd"><responseDate>2026-04-27T19:55:22Z</responseDate><request verb="GetRecord" identifier="oai:uvadoc.uva.es:10324/20607" metadataPrefix="marc">https://uvadoc.uva.es/oai/request</request><GetRecord><record><header><identifier>oai:uvadoc.uva.es:10324/20607</identifier><datestamp>2021-06-29T16:38:18Z</datestamp><setSpec>com_10324_38</setSpec><setSpec>col_10324_852</setSpec></header><metadata><record xmlns="http://www.loc.gov/MARC21/slim" xmlns:doc="http://www.lyncode.com/xoai" xmlns:xsi="http://www.w3.org/2001/XMLSchema-instance" xmlns:dcterms="http://purl.org/dc/terms/" xsi:schemaLocation="http://www.loc.gov/MARC21/slim http://www.loc.gov/standards/marcxml/schema/MARC21slim.xsd">
<leader>00925njm 22002777a 4500</leader>
<datafield tag="042" ind1=" " ind2=" ">
<subfield code="a">dc</subfield>
</datafield>
<datafield tag="720" ind1=" " ind2=" ">
<subfield code="a">Míguez Pérez, Alberto</subfield>
<subfield code="e">author</subfield>
</datafield>
<datafield tag="260" ind1=" " ind2=" ">
<subfield code="c">2016</subfield>
</datafield>
<datafield tag="520" ind1=" " ind2=" ">
<subfield code="a">La exclusión social es una de las mayores dificultades que podemos encontrar hoy en día en el ámbito escolar. Muchos niños y jóvenes sufren a diario el rechazo de la sociedad simplemente por ser diferentes a lo que está establecido. Desde el “Proyecto Titanes” se intenta ofrecer a todos estos chicos y chicas una alternativa diferente a través del baloncesto, no solo para combatir la exclusión social sino para hacerles ver que son importantes, que tienen gente al lado que les apoya y, sobre todo, ofrecerles un futuro cada vez más esperanzador. Por este motivo, he querido reflejar a través del análisis y evaluación de la realidad del proyecto, de qué manera se trabaja y los propósitos que se han ido cumpliendo a lo largo de la experiencia como colaborador en un programa socioeducativo tan prometedor como es el “Proyecto Titanes”.</subfield>
</datafield>
<datafield tag="024" ind2=" " ind1="8">
<subfield code="a">http://uvadoc.uva.es/handle/10324/20607</subfield>
</datafield>
<datafield ind1=" " ind2=" " tag="653">
<subfield code="a">[Pendiente de asignar]</subfield>
</datafield>
<datafield tag="245" ind1="0" ind2="0">
<subfield code="a">Proyecto Titanes: programa de intervención con jóvenes en riesgo de exclusión social a través del baloncesto</subfield>
</datafield>
</record></metadata></record></GetRecord></OAI-PMH>